000 00467nam a2200181Ia 4500
001 11442
005 20260306162828.0
008 260306t2000||||xx |||||||||||||| ||spa||
041 _aESP
082 _a985.051
_bA42
100 _aAljovín de Losada, Cristóbal [1961-...]
_eAUT
245 0 _aCaudillos y constituciones:
_bPeru: 1821 - 1845
260 _c2000
300 _a354 páginas :
_c22 cm.
650 _aGEN
654 _aCHU
942 _cLIB
_dJUS
_fJUS
_2ddc
_n
999 _c11442
_d11442